[Event "ChessHouse GM December 2020"]
[Site "Aarhus"]
[Date "2020.11.30"]
[Round "3.1"]
[White "Ramsdal, Jens Albert"]
[Black "Thybo, Jesper Sondergaard"]
[Result "0-1"]
[WhiteElo "2292"]
[BlackElo "2565"]
[Annotator "TA"]
[PlyCount "40"]
[EventDate "2020.11.29"]
[EventType "tourn"]
[EventCountry "DEN"]
[SourceTitle "playchess.com"]
[Source "ChessBase"]
[SourceQuality "1"]

{[%evp 12,40,-12,12,14,11,35,31,38,26,69,70,76,57,66,47,66,69,66,36,47,19,15,-92,-97,-266,-303,-498,-489,-481,-462]} 1. d4 Nf6 2. c4 e6 3. Nc3 Bb4 4. Qc2 b6 5. a3 Bxc3+ 6. Qxc3 Bb7 7. Bg5 d6 {E32: Nimzo-Indian: Classical (4 Qc2): 4...0-0.} 8. f3 Qe7 $5 {[%mdl 4] Exploring less charted territory.} 9. e4 e5 {White is slightly better.} 10. Be3 Nbd7 11. d5 O-O 12. Bd3 a5 13. b3 {[#]} c6 $146 ({Predecessor:} 13... Nc5 14. Bc2 Bc8 15. Ne2 Nh5 16. O-O g6 17. b4 Nd7 18. Rac1 axb4 19. axb4 Ba6 {½-½ (46) Eberhardt,O-Kabir,R Hessen 1998}) 14. dxc6 Bxc6 15. a4 Nh5 16. g4 Nf4 17. Bf1 (17. O-O-O $11 {keeps the balance.}) 17... Rac8 $17 18. Qd2 $2 (18. Bxf4 $17 {was worth a try.} exf4 19. O-O-O) 18... Nc5 $19 19. Rb1 $2 {[#]} (19. Qc2 {might work better.} h5 {[#]} 20. g5 $1 {[%mdl 512]}) 19... Nxe4 $1 {[%mdl 512]} 20. fxe4 Bxe4 {[%mdl 64] Double Attack.  Weighted Error Value: White=0.44/Black=0.09} 0-1

[Event "ChessHouse GM December 2020"]
[Site "Aarhus"]
[Date "2020.11.30"]
[Round "3.2"]
[White "Bjerre, Jonas Buhl"]
[Black "Grigorian, Spartak"]
[Result "1/2-1/2"]
[WhiteElo "2551"]
[BlackElo "2433"]
[Annotator "RC"]
[PlyCount "66"]
[EventDate "2020.11.29"]
[EventType "tourn"]
[EventCountry "DEN"]
[SourceTitle "playchess.com"]
[Source "ChessBase"]
[SourceQuality "1"]
[TimeControl "40/5400+30:1800+30"]

1. d4 {[%emt 0:00:00]} Nf6 {[%emt 0:00:00]} 2. c4 {[%emt 0:00:00]} e6 {[%emt 0:00:00]} 3. Nf3 {[%emt 0:00:00]} d5 {[%emt 0:00:00]} 4. g3 {[%emt 0:00:04]} Bb4+ {[%emt 0:00:31]} 5. Bd2 {[%emt 0:00:30]} Be7 {[%emt 0:00:09]} 6. Bg2 {[%emt 0:00:35]} c6 {[%emt 0:01:10]} 7. O-O {[%emt 0:04:48]} O-O {[%emt 0:00:12]} 8. a4 {[%emt 0:00:53]} a5 {[%emt 0:04:00]} 9. Qc2 {[%emt 0:01:06]} Nbd7 {[%emt 0:04:13]} 10. Na3 {[%emt 0:01:18]} Ne4 {[%emt 0:04:08]} 11. Be3 {[%emt 0:02:40]} f5 {[%emt 0:07:45]} 12. Ne1 {[%emt 0:02:22]} Bd6 {[%emt 0:14:03]} 13. Nd3 {[%emt 0:02:37]} Qe7 {[%emt 0:00:33]} 14. Qc1 {[%emt 0:04:22]} Bb8 {[%emt 0:18:02]} 15. Nb1 {[%emt 0:17:20]} b6 {[%emt 0:05:22]} 16. Nd2 {[%emt 0:08:41]} Ba6 {[%emt 0:02:11]} 17. b3 {[%emt 0:01:50]} Bd6 {[%emt 0:05:16]} 18. Bf4 {[%emt 0:04:57]} Rac8 {[%emt 0:00:46]} 19. Rd1 {[%emt 0:03:33]} c5 {[%emt 0:08:27]} 20. Bxd6 {[%emt 0:04:06]} Nxd6 {[%emt 0:04:00]} 21. dxc5 {[%emt 0:07:05]} Nxc5 {[%emt 0:00:07]} 22. Ne5 {[%emt 0:02:01]} Qf6 {[%emt 0:07:34]} 23. Qb2 {[%emt 0:07:16]} Nf7 {[%emt 0:01:30]} 24. f4 {[%emt 0:04:11]} Nxe5 {[%emt 0:01:19]} 25. fxe5 {[%emt 0:03:42]} Qh6 {[%emt 0:00:07]} 26. Kh1 {[%emt 0:01:53]} Qe3 {[%emt 0:06:52]} 27. Bf3 {[%emt 0:04:49]} Rfd8 {[%emt 0:02:13]} 28. Rab1 {[%emt 0:04:00]} d4 {[%emt 0:01:49]} 29. Nf1 {[%emt 0:00:45]} Qc3 {[%emt 0:01:29]} 30. Qxc3 {[%emt 0:01:06]} dxc3 {[%emt 0:00:05]} 31. Rdc1 {[%emt 0:00:07]} Nd7 {[%emt 0:00:27]} 32. Rxc3 {[%emt 0:00:55]} Nxe5 {[%emt 0:00:06]} 33. Re3 {[%emt 0:02:09]} Rc5 {[%emt 0:00:22]} 1/2-1/2

[Event "ChessHouse GM December 2020"]
[Site "Aarhus"]
[Date "2020.11.30"]
[Round "3.3"]
[White "Georgescu, Lena"]
[Black "Heimisson, Hilmir Freyr"]
[Result "1/2-1/2"]
[WhiteElo "2278"]
[BlackElo "2318"]
[Annotator "TA"]
[PlyCount "182"]
[EventDate "2020.11.29"]
[EventType "tourn"]
[EventCountry "DEN"]
[SourceTitle "playchess.com"]
[Source "ChessBase"]
[SourceQuality "1"]

{[%evp 14,181,0,-12,0,0,14,0,0,0,0,0,10,0,90,115,93,-33,-33,-45,-43,-34,-66,-68,-60,-60,-58,-40,-56,-61,-14,-15,-10,-15,-13,-18,0,0,0,0,20,-6,-10,-25,-26,-28,-8,-4,-4,-8,-9,-12,-11,-29,0,0,0,0,0,0,0,0,0,-2,-2,-4,0,-4,0,0,0,0,0,0,0,0,0,0,0,0,0,0,0,0,0,0,0,0,0,0,0,0,0,0,0,0,0,0,0,0,0,0,0,0,0,0,0,0,0,0,0,0,0,0,0,0,0,0,0,0,0,0,0,0,0,0,0,0,0,0,0,0,0,0,0,-8,0,0,0,0,0,0,0,0,0,0,0,0,0,0,0,0,0,0,0,0,0,0,0,0,0,0,0,0,0,0,0,0,0,0]} 1. e4 c5 2. Nf3 Nc6 3. Bb5 g6 4. O-O Bg7 5. c3 Nf6 6. d4 Nxe4 7. d5 Nb8 8. Re1 Nd6 {B31: Sicilian: 2...Nc6 3 Bb5 g6.} 9. Bd3 O-O {[#]} 10. h4 $146 ({Predecessor:} 10. Bf4 Ne8 11. Qe2 e6 12. d6 Nc6 13. Na3 b6 14. Rad1 Bb7 15. h4 Nf6 16. Bg5 {0-1 (37) Belov,V (2624)-Bryzgalin,K (2480) Ulan Ude 2009}) 10... Ne8 11. Bg5 Nf6 12. d6 exd6 13. Bc4 b5 (13... d5 $11 14. Bxf6 Bxf6 15. Bxd5 Nc6) 14. Bd5 $16 Nc6 {[#]} 15. h5 ({White has to play} 15. Nbd2 $1 $16) 15... Rb8 $15 ({But not} 15... gxh5 $6 16. Nbd2 $14) 16. Nbd2 Ne7 $1 (16... gxh5 17. Ne4 $18) 17. Bxf6 Bxf6 18. Ne4 Nxd5 19. Qxd5 Bb7 20. Qxd6 Be7 21. Qf4 Bxe4 (21... d5 {with more complications.} 22. Rad1 Qb6 23. Neg5 Qf6 24. Qc7 Bd6) 22. Qxe4 Bf6 23. Rad1 Rb6 ({Much weaker is} 23... gxh5 $6 24. Qf5 $14) 24. Rd5 Qc7 25. Red1 Re6 26. Qd3 Rd8 (26... b4 {is more complex.} 27. Rxd7 Qa5 28. cxb4 cxb4 29. Qc4 Qxh5 30. Rxf7 Kxf7 31. Rd5 Qxd5 32. Qxd5 Rfe8) 27. hxg6 (27. Qxb5 {feels hotter.} d6 28. Qc4 Rde8 29. a3 Qb6 30. R1d2) 27... hxg6 28. Rxd7 Rxd7 29. Qxd7 Qxd7 (29... Qb6 {seems wilder.} 30. Qd5 Kg7 31. g4 Qc7 32. g5 Be7) 30. Rxd7 $11 {[%mdl 4096] Endgame KRB-KRN} a5 31. Rd5 Re2 32. Rd2 Re4 33. Rd5 Ra4 34. Rxc5 {The position is equal.} b4 35. cxb4 axb4 36. a3 bxa3 37. bxa3 Rxa3 38. Rc2 Kg7 39. Kf1 g5 40. Ke2 Kg6 41. Nd2 Ra4 42. f3 Be5 43. g4 f6 44. Ne4 Ra3 45. Kf2 Ra7 46. Kg2 Kf7 47. Rd2 Rc7 48. Nd6+ Ke6 49. Nf5 Rh7 {[#] White must now prevent ...Rh2+.} 50. Ng3 Bf4 51. Ra2 Kd5 52. Nh5 Be5 53. Ra6 Rf7 54. Ng3 Kd4 55. Ra4+ Kd3 56. Ra3+ Kc2 57. Re3 Ra7 58. Ne4 Bd4 59. Re2+ Kd3 60. Rd2+ Ke3 61. Rc2 {Cut Off at move 61} Be5 62. Nf2 Ra1 63. Ne4 Ra7 64. Nf2 Rh7 {Threatens to win with ...Rh2+.} 65. Nh3 Kd3 66. Ra2 Bd4 67. Nf2+ Ke3 68. Nh3 Rb7 69. Nf2 Rb1 70. Ne4 Rd1 71. Nf2 Rc1 72. Ne4 Rc6 73. Nf2 Rc8 74. Ne4 Rc7 75. Nf2 Rc4 (75... Rb7 {feels hotter.} 76. Nd1+ Kd3 77. Nf2+ Kc4 78. Ne4 Rb2+) 76. Nd1+ Kd3 77. Nb2+ Bxb2 78. Rxb2 Rc2+ 79. Rxc2 Kxc2 {KPP-KPP} 80. f4 Kd3 81. Kf3 Kd4 82. fxg5 fxg5 {KP-KP} 83. Kf2 Ke4 84. Ke2 Kf4 85. Kf2 Kxg4 {KP-K} 86. Kg2 Kf4 {( -> ...Kg4)} 87. Kf2 g4 88. Kg2 g3 (88... Ke3 $5) 89. Kg1 Kf3 (89... Ke3 $5) 90. Kf1 g2+ 91. Kg1 Kg3 {Weighted Error Value: White=0.06/Black=0.06} 1/2-1/2

[Event "ChessHouse GM December 2020"]
[Site "Aarhus"]
[Date "2020.11.30"]
[Round "3.4"]
[White "Olsen, Filip Boe"]
[Black "Nilssen, Ellen Fredericia"]
[Result "1-0"]
[WhiteElo "2354"]
[BlackElo "2174"]
[Annotator "ChessBase"]
[PlyCount "75"]
[EventDate "2020.11.29"]
[EventType "tourn"]
[EventCountry "DEN"]
[SourceTitle "playchess.com"]
[Source "ChessBase"]
[SourceQuality "1"]
[TimeControl "40/5400+30:1800+30"]

1. c4 c5 2. Nf3 Nc6 3. Nc3 g6 4. e3 Nf6 5. d4 cxd4 6. exd4 d5 7. cxd5 Nxd5 8. Qb3 Nxc3 9. Bc4 Nd5 10. Bxd5 e6 11. Bxc6+ bxc6 12. O-O Bg7 13. Bg5 Qd6 14. Qe3 O-O 15. Rfc1 Re8 16. Rc5 Bb7 17. h4 f6 18. Bh6 Bxh6 19. Qxh6 Qf8 20. Qe3 Rad8 21. Nd2 e5 22. Qb3+ Qf7 23. Ne4 Re6 24. dxe5 Rd4 25. Nxf6+ Kg7 26. h5 Qe7 27. hxg6 hxg6 28. Qc3 Rxe5 29. Nd7 Ree4 30. Re5 Qh4 31. Rxe4 Qxe4 32. Nc5 Qh4 33. Nd7 Qe4 34. Nc5 Qe1+ 35. Rxe1 Kg8 36. Qxd4 Ba8 37. Re7 a6 38. Qg7# 1-0

[Event "ChessHouse GM December 2020"]
[Site "Aarhus"]
[Date "2020.11.30"]
[Round "3.5"]
[White "Haubro, Martin"]
[Black "Danielsen, Henrik"]
[Result "0-1"]
[WhiteElo "2434"]
[BlackElo "2517"]
[Annotator "TA"]
[PlyCount "56"]
[EventDate "2020.11.29"]
[EventType "tourn"]
[EventCountry "DEN"]
[SourceTitle "playchess.com"]
[Source "ChessBase"]
[SourceQuality "1"]

{[%evp 9,56,37,46,23,29,3,36,22,36,25,29,26,56,42,48,51,58,-38,-31,-37,-29,-45,-43,-262,-267,-337,-352,-359,-275,-274,-310,-278,-201,-235,-244,-298,-300,-290,-217,-425,-416,-562,-558,-585,-587,-677,-659,-853,-836]} 1. e4 d6 2. d4 Nf6 3. Nc3 g6 4. Be3 c6 5. a4 Nbd7 6. f4 {[#] B07: Pirc Defence: Miscellaneous Systems.} e5 $146 ({Predecessor:} 6... Qa5 7. e5 Ne4 8. Bd3 Nxc3 9. Qd2 Bh6 10. exd6 exd6 11. Ne2 O-O 12. Nxc3 Nf6 13. h3 {½-½ (30) Durao,J (2157)-Marin,I (2261) Cullera 2003}) 7. Bd3 Bh6 8. Qf3 {White is slightly better.} O-O 9. Nge2 exd4 10. Bxd4 Bg7 11. O-O Qa5 12. h3 Nc5 13. b4 (13. g4 $14) 13... Qxb4 $15 14. a5 {And now Rfb1 would win.} Nfxe4 $1 15. Bxg7 {[%cal Rc3e4]} Nd2 {[%mdl 64] Double Attack} 16. Qe3 $2 {This move loses the game for White.} ({White must play} 16. Qf2 $15 Kxg7 17. Rfd1) 16... Nxf1 $19 17. Rxf1 Kxg7 18. f5 {White wants to play f6+.} Nxd3 19. f6+ {[#]} Kh8 $1 20. Ne4 {With the idea Qh6.} g5 ({Less strong is} 20... Qxa5 {[#]} 21. Qh6 $1 $15 {[%mdl 512]}) 21. cxd3 Qxa5 22. Nxd6 Be6 23. Nd4 Qd5 24. Ne4 $2 (24. Nxe6 Qxe6 25. Qxg5) 24... Rad8 25. Nf3 Qxd3 {Black is clearly winning.} 26. Qxg5 {[%csl Gf6][%cal Rg5g7]} Rg8 27. Qh4 Rd5 (27... Bc4 $2 28. Rf2 $19) 28. Neg5 {[#]} Rdxg5 $1 {Weighted Error Value: White=0.56/Black=0.17} 0-1

[Event "ChessHouse GM December 2020"]
[Site "Aarhus"]
[Date "2020.12.01"]
[Round "4.1"]
[White "Thybo, Jesper Sondergaard"]
[Black "Georgescu, Lena"]
[Result "1-0"]
[WhiteElo "2565"]
[BlackElo "2278"]
[Annotator "TA"]
[PlyCount "55"]
[EventDate "2020.11.29"]
[EventType "tourn"]
[EventCountry "DEN"]
[SourceTitle "playchess.com"]
[Source "ChessBase"]
[SourceQuality "1"]

{[%evp 9,55,0,15,11,19,16,14,9,4,14,6,9,19,8,16,13,27,29,67,74,124,120,127,130,240,238,260,258,270,266,298,252,272,266,262,264,529,529,529,529,519,517,516,509,509,509,509,508]} 1. Nf3 Nf6 2. c4 c5 3. Nc3 e6 4. e3 d5 5. cxd5 exd5 6. Bb5+ {A17: English Opening: 1...Nf6 with ...Bb4.} Nbd7 7. d4 c4 8. e4 {The position is equal.} dxe4 9. Ne5 a6 10. Bxc4 Nxe5 11. dxe5 {And now Bxf7+! would win.} Qxd1+ 12. Nxd1 {[#]} Ng4 $146 ({Predecessor:} 12... Bb4+ 13. Nc3 Nd7 14. O-O Nxe5 15. Bd5 O-O 16. Bxe4 Re8 17. Re1 Bd7 18. Bf4 Nc6 {0-1 (50) Paesschesoone,S (2020)-Papenfuss,I (2499) ICCF email 2017}) 13. Bf4 g5 14. Bxg5 Rg8 15. Bf4 Bg7 16. Bd5 Bf5 {[#]} (16... Nxe5 $16 {was necessary.} 17. Bxe4 Ng6) 17. Ne3 $1 $18 {[%cal Re3f5]} (17. Bxb7 $6 Rb8 $16) 17... Nxe3 18. fxe3 Rc8 19. O-O (19. Bxb7 $6 Rb8 $18) 19... Rc2 20. Rf2 ({Don't take} 20. Bxb7 Rxb2 21. Bc6+ (21. Bxa6 Bf8 $18) 21... Kd8 $18) 20... Rxf2 21. Kxf2 Ke7 22. Rc1 ({Don't do} 22. Bxb7 $6 Rb8 $18) 22... Rd8 $2 (22... Rc8 23. Rxc8 Bxc8 24. Bxe4 h6) 23. Rc7+ {White is clearly winning.} Rd7 24. Bg5+ f6 25. exf6+ {[%mdl 64] [#] Overworked Piece} Bxf6 26. Bxf6+ Kxf6 27. Rxd7 Bxd7 28. Bxe4 {Weighted Error Value: White=0.03/Black=0.31} 1-0

[Event "ChessHouse GM December 2020"]
[Site "Aarhus"]
[Date "2020.12.01"]
[Round "4.2"]
[White "Bjerre, Jonas Buhl"]
[Black "Ramsdal, Jens Albert"]
[Result "1-0"]
[WhiteElo "2551"]
[BlackElo "2292"]
[Annotator "RC"]
[PlyCount "121"]
[EventDate "2020.11.29"]
[EventType "tourn"]
[EventCountry "DEN"]
[SourceTitle "playchess.com"]
[Source "ChessBase"]
[SourceQuality "1"]
[TimeControl "40/5400+30:1800+30"]

1. d4 Nf6 {[%emt 0:00:25]} 2. c4 {[%emt 0:00:00]} e6 {[%emt 0:00:18]} 3. Nf3 {[%emt 0:00:36]} d5 {[%emt 0:00:34]} 4. g3 {[%emt 0:00:55]} Be7 {[%emt 0:00:26]} 5. Bg2 {[%emt 0:00:21]} O-O {[%emt 0:00:09]} 6. O-O {[%emt 0:00:56]} dxc4 {[%emt 0:00:25]} 7. Qc2 {[%emt 0:02:16]} a6 {[%emt 0:01:12]} 8. a4 {[%emt 0:00:39]} Bd7 {[%emt 0:02:38]} 9. Qxc4 {[%emt 0:01:15]} Bc6 {[%emt 0:00:51]} 10. Bf4 {[%emt 0:01:03]} Nbd7 {[%emt 0:03:56]} 11. Nc3 {[%emt 0:02:27]} Bd6 {[%emt 0:13:20]} 12. Bd2 {[%emt 0:09:46]} Ne4 {[%emt 0:04:17]} 13. Nxe4 {[%emt 0:02:45]} Bxe4 {[%emt 0:00:15]} 14. Rfd1 {[%emt 0:02:41]} Nb6 {[%emt 0:06:25]} 15. Qb3 {[%emt 0:02:27]} a5 {[%emt 0:05:42]} 16. Ne1 {[%emt 0:04:39]} Bd5 {[%emt 0:08:23]} 17. Qc2 {[%emt 0:02:11]} Bxg2 {[%emt 0:02:20]} 18. Kxg2 {[%emt 0:00:30]} Qe7 {[%emt 0:07:23]} 19. Nd3 {[%emt 0:06:53]} Rfd8 {[%emt 0:01:23]} 20. e4 {[%emt 0:02:54]} c6 {[%emt 0:03:07]} 21. Qb3 {[%emt 0:05:29]} Nc8 {[%emt 0:01:11]} 22. Rac1 {[%emt 0:05:08]} Bb8 {[%emt 0:01:21]} 23. Be3 {[%emt 0:10:40]} Ba7 {[%emt 0:04:53]} 24. Nc5 {[%emt 0:01:24]} Nd6 {[%emt 0:03:54]} 25. f3 {[%emt 0:03:27]} Ne8 {[%emt 0:11:40]} 26. Qc3 {[%emt 0:05:25]} h6 {[%emt 0:01:21]} 27. Bf4 {[%emt 0:01:58]} Nf6 {[%emt 0:01:57]} 28. Be5 {[%emt 0:03:01]} Ne8 {[%emt 0:01:43]} 29. b4 {[%emt 0:04:23]} axb4 {[%emt 0:01:06]} 30. Qxb4 {[%emt 0:00:13]} f6 {[%emt 0:07:46]} 31. Bf4 {[%emt 0:00:37]} Bxc5 {[%emt 0:00:40]} 32. dxc5 {[%emt 0:02:28]} e5 {[%emt 0:00:14]} 33. Be3 {[%emt 0:00:16]} Qf7 {[%emt 0:01:00]} 34. a5 {[%emt 0:03:33]} Kh7 {[%emt 0:00:53]} 35. Rb1 {[%emt 0:02:25]} Rxd1 {[%emt 0:02:50]} 36. Rxd1 {[%emt 0:00:05]} Qc7 {[%emt 0:00:18]} 37. Rb1 {[%emt 0:02:20]} Rd8 {[%emt 0:00:27]} 38. Qc4 {[%emt 0:01:38]} Rd7 {[%emt 0:01:09]} 39. a6 {[%emt 0:02:37]} bxa6 {[%emt 0:00:09]} 40. Qxa6 {[%emt 0:00:34]} Qa7 {[%emt 0:01:28]} 41. Rb6 {[%emt 0:34:56]} Qxa6 {[%emt 0:02:38]} 42. Rxa6 {[%emt 0:00:00]} Rc7 {[%emt 0:01:01]} 43. Ra8 {[%emt 0:00:00]} Re7 {[%emt 0:00:10]} 44. Rc8 {[%emt 0:00:00]} Re6 {[%emt 0:00:50]} 45. Kf2 {[%emt 0:00:00]} Kg6 {[%emt 0:08:06]} 46. g4 {[%emt 0:00:00]} Kf7 {[%emt 0:00:36]} 47. Bd2 {[%emt 0:00:00]} Ke7 {[%emt 0:07:43]} 48. Ba5 {[%emt 0:00:00]} Kf7 {[%emt 0:00:02]} 49. Bd8 {[%emt 0:00:00]} Kg6 {[%emt 0:01:33]} 50. Rb8 {[%emt 0:00:00]} h5 {[%emt 0:01:23]} 51. Kg3 {[%emt 0:00:00]} Kh6 {[%emt 0:01:38]} 52. Rb7 {[%emt 0:00:00]} Kg6 {[%emt 0:01:32]} 53. Kh4 {[%emt 0:00:00]} Kh6 {[%emt 0:01:05]} 54. Be7 {[%emt 0:00:00]} g5+ {[%emt 0:05:45]} 55. Kh3 {[%emt 0:00:00]} Kg7 {[%emt 0:00:15]} 56. gxh5 {[%emt 0:00:00]} Kf7 {[%emt 0:00:52]} 57. Bd8+ {[%emt 0:00:00]} Kg8 {[%emt 0:00:34]} 58. Kg4 {[%emt 0:00:09]} Ng7 {[%emt 0:00:07]} 59. h6 {[%emt 0:00:53]} f5+ {[%emt 0:00:51]} 60. Kxg5 {[%emt 0:00:32]} fxe4 {[%emt 0:00:19]} 61. Rxg7+ {[%emt 0:00:52]} 1-0

[Event "ChessHouse GM December 2020"]
[Site "Aarhus"]
[Date "2020.12.01"]
[Round "4.3"]
[White "Heimisson, Hilmir Freyr"]
[Black "Haubro, Martin"]
[Result "1-0"]
[WhiteElo "2318"]
[BlackElo "2434"]
[Annotator "TA"]
[PlyCount "95"]
[EventDate "2020.11.29"]
[EventType "tourn"]
[EventCountry "DEN"]
[SourceTitle "playchess.com"]
[Source "ChessBase"]
[SourceQuality "1"]

{[%evp 9,95,16,20,17,24,18,39,22,23,13,31,33,37,0,18,-18,0,0,0,0,4,0,12,0,10,-14,37,37,112,108,167,166,167,168,204,199,213,202,206,195,242,181,233,232,230,228,225,223,258,247,262,248,278,266,335,329,389,382,411,408,418,366,351,366,558,512,479,389,405,343,688,606,685,634,654,617,709,702,835,835,817,826,786,758,927,921,1018,987]} 1. e4 c5 2. Nf3 d6 3. Bb5+ Nd7 4. a4 Ngf6 5. Nc3 g6 6. O-O {B51: Sicilian: Moscow Variation (3 Bb5+) without 3...Bd7.} Bg7 7. Re1 O-O 8. d4 {White is slightly better.} cxd4 9. Nxd4 a6 10. Bf1 Qc7 {[#]} 11. Qd2 $146 ({Predecessor:} 11. Nd5 Qd8 12. a5 e6 13. Nxf6+ Nxf6 14. c4 Qe7 15. Bg5 Qc7 16. Qd2 Re8 17. b4 {0-1 (48) Smirin,I (2612)-Kotsur,P (2517) chess.com INT 2020}) 11... Re8 12. b3 Nc5 13. Bb2 e5 14. Nf3 Bg4 15. Qe3 Bd7 16. Nd2 Ne6 17. Rac1 Nf4 (17... Nd4 $11) 18. Nc4 $14 b5 {White stays focused until the end.} (18... d5 $14 19. exd5 N6xd5 20. Nxd5 Nxd5) 19. Qb6 $16 Qd8 (19... Qb8 $16) 20. Qxd8 $18 Rexd8 21. Nb6 ({Don't play} 21. Nxd6 $6 Bf8 $11) 21... b4 22. Na2 ({And not} 22. Nxa8 bxc3 23. Ba3 Rxa8 $14) 22... a5 23. Nxa8 Rxa8 24. c3 bxc3 25. Rxc3 Ne6 (25... Rb8 {was called for.} 26. Ba3 Bf8) 26. Bc4 Bf8 27. f3 Rb8 28. Bc1 Be7 29. Rd1 h5 30. Be3 h4 31. Rc2 Nh5 32. Nc3 Nhf4 33. g3 hxg3 34. hxg3 Nh5 35. Nd5 Bd8 36. Kg2 f5 (36... Nhg7 $142 37. Kf2 Ne8) 37. g4 Nhg7 38. Rh1 f4 39. Bf2 Bg5 $2 {[#]} (39... Ne8 40. Rcc1 Kg7) 40. Rcc1 {White is clearly winning.} Kf7 41. Rh7 Bd8 42. Rh8 Bc6 43. Nc3 Ke7 44. Rh7 Kf6 {[#]} 45. g5+ $1 Nxg5 46. Bh4 Rb7 47. Nd5+ Kf7 48. Nb4+ {Weighted Error Value: White=0.17/Black=0.36} 1-0

[Event "ChessHouse GM December 2020"]
[Site "Aarhus"]
[Date "2020.12.01"]
[Round "4.4"]
[White "Grigorian, Spartak"]
[Black "Nilssen, Ellen Fredericia"]
[Result "1-0"]
[WhiteElo "2433"]
[BlackElo "2174"]
[Annotator "TA"]
[PlyCount "83"]
[EventDate "2020.11.29"]
[EventType "tourn"]
[EventCountry "DEN"]
[SourceTitle "playchess.com"]
[Source "ChessBase"]
[SourceQuality "1"]

{[%evp 9,82,25,20,17,17,7,23,12,37,37,38,30,32,36,33,37,54,35,41,-22,6,-10,0,0,0,0,0,0,41,47,25,57,62,56,92,80,201,186,211,151,166,83,156,153,227,201,228,239,245,239,646,689,1078,1070,3275,3114,2504,2721,2281,2272,29968,6503,29988,29989,29989,1241,29980,29981,29982,5314,29983,29984,29998,29999,29999]} 1. d4 d5 2. c4 e6 3. Nc3 a6 4. cxd5 exd5 5. Bf4 Nf6 6. e3 {D31: Queen's Gambit Declined: Semi-Slav without ...Nf6 (+ Marshall Gambit and Noteboom) and Exchange Variation lines without ...Nf6.} Bd6 7. Bg3 {7.Bg5 is becoming the main line.} Be6 8. Bd3 {[#] White has an edge.} h6 $146 ({Predecessor:} 8... O-O 9. Nge2 Qe7 10. O-O Bxg3 11. Nxg3 Nbd7 12. Rc1 Rac8 13. Na4 Qb4 14. a3 Qe7 {0-1 (36) Norlamo,S (2023)-Nilssen,E (2071) Tallinn 2020}) 9. Nge2 Bxg3 10. Nxg3 Nbd7 11. O-O O-O 12. Rc1 Nb6 13. Qc2 c6 14. b4 (14. Rfe1 $14) 14... Qe7 15. Qb2 Ne8 16. e4 dxe4 17. Ncxe4 Nd6 18. Nc5 Bc4 19. Rfe1 Qc7 $1 20. Bb1 Bd5 21. Qc2 $36 {[%csl Gb1][%cal Rc2h7][%mdl 2048] White fights for an advantage.} g6 22. h4 Nb5 (22... Nbc4 $16) 23. Qd2 $18 Kg7 24. a4 Na3 25. Ba2 (25. Be4 $18) 25... Nac4 (25... Nbc4 $142 26. Qc3 Rae8) 26. Qc2 Na3 {[#]} (26... Nd6 $16 {was necessary.}) 27. Qb2 $1 {[%cal Rb2a3]} Nac4 28. Bxc4 Nxc4 {[#]} 29. Rxc4 $1 {[%mdl 512] And now Rcc1 would win.} Bxc4 $2 (29... b6 30. Rc3 bxc5) 30. d5+ $1 Kh7 31. Nge4 h5 32. Nf6+ Kh6 33. Qc1+ {[%mdl 64] Double Attack} Kg7 34. Qxc4 Qd6 35. Ncd7 Rfd8 36. Qc3 Kh6 37. Ne5 (37. g4 $142 hxg4 38. Nxg4+ Kh7 39. Ndf6+ Qxf6 40. Qxf6 Rd7 41. Qf4 Kg8 42. Nf6+ {[%mdl 64] Double Attack} Kg7 43. Nxd7) 37... Qf8 38. g4 cxd5 39. g5+ Kg7 40. Ned7 {White mates.} Qe8 41. Nxh5+ Kh7 42. Qg7# {Weighted Error Value: White=0.10/Black=0.79} 1-0

[Event "ChessHouse GM December 2020"]
[Site "Aarhus"]
[Date "2020.12.01"]
[Round "4.5"]
[White "Danielsen, Henrik"]
[Black "Olsen, Filip Boe"]
[Result "1/2-1/2"]
[WhiteElo "2517"]
[BlackElo "2354"]
[Annotator "TA"]
[PlyCount "47"]
[EventDate "2020.11.29"]
[EventType "tourn"]
[EventCountry "DEN"]
[SourceTitle "playchess.com"]
[Source "ChessBase"]
[SourceQuality "1"]

{[%evp 11,47,10,16,-4,59,6,7,0,0,0,2,-15,-23,-47,31,-50,16,13,82,42,35,40,32,29,31,0,0,0,12,0,0,0,0,0,0,0,0,0]} 1. Nf3 d5 2. g3 g6 3. Bg2 Bg7 4. O-O e5 5. d3 Ne7 6. e4 O-O 7. b4 {[#] A07: Réti Opening: New York and Capablanca Systems.} f5 $146 (7... Bg4 $11) ({Predecessor:} 7... Nbc6 8. c3 a6 9. a4 d4 10. Ba3 dxc3 11. Nxc3 a5 12. bxa5 Re8 13. Nb5 Nxa5 14. Qc2 Nec6 {½-½ (60) Pesotsky,V (2371)-Boros,D (2457) Budapest 2008}) 8. Bb2 (8. Nbd2 $14) 8... dxe4 $11 9. dxe4 Qxd1 10. Rxd1 fxe4 11. Ng5 Nbc6 12. Nc3 Nd4 (12... Nxb4 $15 13. Rd2 Bf5) 13. Bxe4 ({Better is} 13. Ncxe4 $14 h6 14. c3) 13... Bg4 (13... c6 $15 14. Bd3 Bg4) 14. Nd5 Nec6 (14... Nxd5 $1 $11 {keeps the balance.} 15. Bxd5+ Kh8) 15. Nxc7 Rac8 16. Bd5+ Kh8 17. Nce6 Nxb4 18. f3 Bxe6 {The position is equal.} ({Don't play} 18... Rxc2 $6 19. Bxd4 Bxe6 20. Nxe6 $16) (18... Bxf3 $6 19. Rxd4 exd4 20. Bxf3 $16) ({Reject} 18... Nxf3+ 19. Bxf3 Bxe6 20. Bxb7 $16) 19. Bxe6 Rce8 20. Nf7+ Kg8 21. Nh6+ {[%mdl 64] [#] Discovered Attack (Double check)} Kh8 22. Nf7+ Kg8 23. Nh6+ {[%mdl 64] Discovered Attack (Double check)} Kh8 24. Nf7+ {Weighted Error Value: White=0.26/Black=0.28} 1/2-1/2